Statistics for Soldiers of the Napoleonic Wars

Click here to take the quiz!

General Stats

  • This quiz has been taken 227 times
  • The average score is 8 of 14

Answer Stats

DescriptionName% Correct
Fast, light cavalry with distinctive uniformsHussars
80%
Napoleon's personal guardImperial Guard
78%
Light cavalry with 'spears'Lancers
67%
Light cavalry with firearmsLight Dragoons
64%
Germanic Light InfantryJäger
63%
Standard InfantryLine Infantry
63%
EngineerSapper
63%
Elite Russian horsemenCossacks
62%
Heavy cavalry with breast plateCuirassier
54%
Prussian irregular infantry, drafted from citizens for the defence of the nationLandwehr
38%
Austrian Light Infantry, traditionally tasked with holding the border with the Ottoman EmpireGrenzers
36%
Irregular combatants, typically found in Spain and RussiaPartisans
33%
French Light InfantryVoltiguer
31%
German volunteer regiments, effectively fighting as mercenariesFreikorps
28%

Score Distribution

Percentile by Number Answered

Percent of People with Each Score

Your Score History

You have not taken this quiz